Normal view
MARC view
- Mukhiya S.K and Ahmed U
Entry Personal Name
001 - CONTROL NUMBER
- control field: 216585
003 - CONTROL NUMBER IDENTIFIER
- control field: OSt
005 - DATE AND TIME OF LATEST TRANSACTION
- control field: 20260204112516.0
008 - FIXED-LENGTH DATA ELEMENTS
- fixed length control field: 260204|| aca||aabn | a|a d
040 ## - CATALOGING SOURCE
- Original cataloging agency: OSt
- Transcribing agency: OSt
100 ## - HEADING--PERSONAL NAME
- Personal name: Mukhiya S.K and Ahmed U
670 ## - SOURCE DATA FOUND
- Source citation: Work cat.: (OSt)370300: Mukhiya S.K and Ahmed U, Hands On Exploratory Data Analysis With Python, 2020